000 00340nam a2200157 4500
008 190522s ||||CZ d
260 _aPraha
_bPražské
245 1 0 _aNeveste pro Napoleona
250 _a1.vydanie
020 _c0
041 1 _acze
100 1 _aCharles de Caulle
_91127
044 _aCZ
958 _aAUL
958 _aA
999 _c22428
_d22428